|
|
|
|
| LEADER |
01341nam a2200373Ia 4500 |
| 001 |
EBC256710 |
| 003 |
MiAaPQ |
| 005 |
20200520144314.0 |
| 006 |
m o d | |
| 007 |
cr cn||||||||| |
| 008 |
030523s2004 enk sb 001 0 eng d |
| 010 |
|
|
|z 2003055052
|
| 020 |
|
|
|z 0511187939
|
| 020 |
|
|
|z 0521833558
|
| 035 |
|
|
|a (MiAaPQ)EBC256710
|
| 035 |
|
|
|a (Au-PeEL)EBL256710
|
| 035 |
|
|
|a (CaPaEBR)ebr10124726
|
| 035 |
|
|
|a (CaONFJC)MIL45801
|
| 035 |
|
|
|a (OCoLC)69870550
|
| 040 |
|
|
|a MiAaPQ
|c MiAaPQ
|d MiAaPQ
|
| 050 |
|
4 |
|a HF5471
|b .M38 2004
|
| 082 |
0 |
4 |
|a 380.1
|2 21
|
| 245 |
0 |
0 |
|a Markets in historical contexts
|h [electronic resource] :
|b ideas and politics in the modern world /
|c edited by Mark Bevir and Frank Trentmann.
|
| 260 |
|
|
|a Cambridge, UK ;
|a New York :
|b Cambridge University Press,
|c 2004.
|
| 300 |
|
|
|a ix, 257 p.
|
| 504 |
|
|
|a Includes bibliographical references and index.
|
| 533 |
|
|
|a Electronic reproduction. Ann Arbor, MI : ProQuest, 2015. Available via World Wide Web. Access may be limited to ProQuest affiliated libraries.
|
| 650 |
|
0 |
|a Markets
|x History.
|
| 650 |
|
0 |
|a Markets.
|
| 655 |
|
4 |
|a Electronic books.
|
| 700 |
1 |
|
|a Bevir, Mark.
|
| 700 |
1 |
|
|a Trentmann, Frank.
|
| 710 |
2 |
|
|a ProQuest (Firm)
|
| 856 |
4 |
0 |
|u https://ebookcentral.proquest.com/lib/matrademy/detail.action?docID=256710
|z Click to View
|